000 00308nam a2200121Ia 4500
005 20251028132505.0
008 251020t2017||||xx |||||||||||||| ||spa||
041 _aspa
100 _aWilenmann, Javier
245 0 _aLa justificación de un delito en situaciones de necesidad
260 _c2017
942 _CLB
_cLB
999 _c3067
_d3067